000 00519cam a2200169 4500500
005 20260329002927.0
041 _afre
042 _adc
100 1 0 _aDuru, Martin
_eauthor
245 0 0 _aL’Étranger. Ou le pari de l’autre
260 _c2014.
500 _a76
690 _aAltérité
690 _aTobie Nathan
786 0 _nPhilosophie magazine | 77 | 3 | 2014-03-01 | p. 69-69 | 1951-1787
856 4 1 _uhttps://shs.cairn.info/magazine-philosophie-magazine-2014-3-page-69?lang=fr&redirect-ssocas=7080
999 _c1819737
_d1819737